Natural history of sea fan blenny, emblemariopsis pricei, teleostei: chaenopsidae, in the western caribbean

Wedi'i Gadw mewn:
Manylion Llyfryddiaeth
Prif Awduron: Tyler, James C (Awdur), Tyler, Diane M (Awdur)
Fformat: Llyfr
Iaith:Saesneg
Cyhoeddwyd: Washington, D.C Smithsonian Institution 1999
Cyfres:Smithsonian contributions to zoology, 601
Pynciau:
Tagiau: Ychwanegu Tag
Dim Tagiau, Byddwch y cyntaf i dagio'r cofnod hwn!

MARC

LEADER 00000nam a2200000 a 4500
001 UCP9138
003 CL-VaPUC
008 000317e19990000US |||||||||||||||||eng|d
082 0 4 |a 597.77  |b TYL  |2 21 
100 0 |a Tyler, James C  |e author  |9 439526 
700 0 |a Tyler, Diane M  |e author  |9 439527 
245 1 0 |a Natural history of sea fan blenny, emblemariopsis pricei, teleostei: chaenopsidae, in the western caribbean 
300 |a 24 p 
942 |c BK 
945 |d 20000317 00:00:00  |a vberengu 
260 |a Washington, D.C  |b Smithsonian Institution  |c 1999 
650 7 |a PECES  |2 CL-VaPUC  |9 439528 
650 7 |a TELEOSTEOS  |2 CL-VaPUC  |9 262137 
583 |a last modification  |c 20000317 00:00:00  |k Rodrigo Vera 
490 0 |a Smithsonian contributions to zoology, 601 
999 |c 285984  |d 285982